000 01057nam a22001577a 4500
003 OSt
005 20190624154653.0
008 190624b xxu||||| |||| 00| 0 eng d
040 _cRUA
082 _aAGR KHE 2017 B633 Or.1
100 _913594
_aKHEAV MAKAVA ខៀវ មករា
245 _aeffectiveness on different nitrogen rate combines with phosphorus 60Kg and potassium 45Kg per hectare on phka rumdol rice in wet season condition on prateahlang soil in takeo province ប្រសិទ្ធភាពកម្រិតអាសូតផ្សេងៗគ្នាផ្សំជាមួយផូស្វ័រ៦០គីឡូក្រាមនិងប៉ូតាស្យូម៤៥គីឡូក្រាមក្នុងមួយហិចតា លើពូជស្រូវរំផ្កាដួលក្នុងលក្ខខណ្ឌរដូវវស្សា លើជីប្រទះឡាននៅខេត្តតាកែវ
260 _aphnom penh
_bRUA
_c2017
300 _axiv;64p
_bill;
_c29cm
942 _2ddc
_cAGR
999 _c17929
_d17929